| 000 | 00697nam a22001937a 4500 | ||
|---|---|---|---|
| 999 |
_c193726 _d193726 |
||
| 005 | 20230317171130.0 | ||
| 010 | _aENG-135668 | ||
| 020 |
_a9788193993644 _c350.00 |
||
| 035 | _aEN-119200 | ||
| 037 | _bDBAD/PUB | ||
| 082 | _a531 | ||
| 245 |
_aNational conference on "Dynamical systems and its applications": _bNCDSA' 19 / |
||
| 260 |
_aCoimbatore _bBlue hill publishers _c2019 |
||
| 270 |
_aCoimbatore _bTamilnadu _e641113 _k0422-4303300 _mprincipal@psgcas.ac.in |
||
| 300 |
_a153p. _c25cm(pbk) |
||
| 611 |
_2Dynamical systems and its applications _cDepartment of Mathematics with computer application _zCoimbatore |
||
| 650 | _aDynamical Systems | ||
| 942 |
_2ddc _cEN _mNAT _h531 |
||